| 000 | 00539nam a2200145Ia 4500 | ||
|---|---|---|---|
| 008 | 140724s9999 xx 000 0 und d | ||
| 050 |
_aBF 637 _b.R175 2012 |
||
| 100 | _aRamos, Karla Ysabel B. | ||
| 245 |
_aKOLB's Learning style among Southville International School and Colleges (SISC) first year college students / _cKarla Ysabel B. Ramos. |
||
| 260 |
_aLas PiƱas, Philippines : _bSouthville International School and Colleges, _cc2012. |
||
| 300 |
_a92 p. : _bill. ; _c28 cm. |
||
| 521 | _aPsychology | ||
| 942 | _cTH | ||
| 999 |
_c228925 _d228925 |
||